ラピスリライツ 楽曲 - Statistics

General Stats
  • This quiz has been taken 10 times
  • The average score is 22 of 35
Answer Stats
アーティスト名 楽曲名 % Correct
ラピスリライツ・スターズ 私たちのSTARTRAIL
100%
LiGHTs プラネタリウム
86%
IV KLORE 禁忌の寓話
86%
シュガーポケッツ シャノワール
86%
LiGHTs 700,000,000,000,000,000,000,000の空で
86%
Sadistic★Candy Are Many Chance!!!
86%
Ray HYBRID
86%
supernova Rainy Mint
86%
LiGHTs Sound of the Bell
86%
LiGHTs Your Lights
86%
この花は乙女 からくれ*ナイトフィーバー
71%
この花は乙女 アステリズム
71%
この花は乙女 夕涼みの花影
71%
IV KLORE Butterfly
71%
IV KLORE Midnight Sapphire
71%
シュガーポケッツ SUGAR×LEMONADE
71%
supernova Vivid Cosmos
71%
ラピスリライツ・スターズ 私の名は、光。
57%
LiGHTs ポラリス
57%
IV KLORE 極闇グロッソラリア
57%
この花は乙女 私の初恋をこの花に捧ぐ
57%
シュガーポケッツ わがままキャラメリゼ
57%
Sadistic★Candy ピンク色の曇天
57%
supernova アオノショウドウ
57%
Ray Beautiful World
57%
シュガーポケッツ #BFF
57%
supernova RISE
57%
Sadistic★Candy VIVIらぷ
57%
Sadistic★Candy ポジティブ★パラダイス
43%
シュガーポケッツ knockin' on baby
43%
Sadistic★Candy Twinkle Candy Carnival
43%
IV KLORE 紫紅月のメメントモリ
29%
この花は乙女 いのち短し、繚乱乙女
29%
LiGHTs A.R.I.A
29%
supernova Trinity
29%
No matching quizzes found
Score Distribution
Percent of People with Each Score
Percentile by Number Answered
Your Score History
You have not taken this quiz